000 00587nam a2200193 4500
001 132458
003 ES-MaACL
005 20230906194200.0
007 t|
008 070214s1976 sp r ||||1| spa d
100 1 _aRomero de Lecea, Carlos.
_999371
245 1 0 _aIntroducción a los viejos libros de música /
_cCarlos Romero de Lecea.
260 _aMadrid :
_bJoyas Bibliográficas,
_c1976.
300 _a138 p. ;
_c29 cm.
490 1 _aCol. de estudio y ensayos
830 0 _aCol. de estudio y ensayos
_9219648
852 _aES-MaACL
_jA-6039
_bR.95079
999 _c132458
_d132458